Diccionario Pocket : español francés, français espagnol
Guardado en:
| 格式: | 圖書 |
|---|---|
| 語言: | Undetermined |
| 出版: |
Distrito Federal, México
Ediciones Larousse
2002
|
| 主題: | |
| 標簽: |
添加標簽
沒有標簽, 成為第一個標記此記錄!
|
MARC
| LEADER | 00000nam a2200000Ia 4500 | ||
|---|---|---|---|
| 008 | 170316s9999 xx 000 0 und d | ||
| 040 | |a cru BVZT | ||
| 090 | |a REF | ||
| 245 | |a Diccionario Pocket : español francés, français espagnol | ||
| 260 | |a Distrito Federal, México | ||
| 260 | |b Ediciones Larousse | ||
| 260 | |c 2002 | ||
| 300 | |a 364 páginas | ||
| 650 | |a REFERENCIA |9 27 | ||
| 650 | |a DICCIONARIO ESPAÑOL - FRANCÉS Y FRANÇAIS - ESPAGNOL | ||
| 942 | |c REF |2 z |0 1 | ||
| 999 | |c 15065 |d 15065 | ||
